000 01272nam a2200229Ia 4500
001 L232-6834
003 IT-CnALBA
008 170116s9999||||xx |||||||||||||| ||und||
040 _aIT-CnALBA
_cIT-CnALBA
041 _aLATINO
100 _aTORRADEFLOT CORNET IGNATIUS
245 0 _aCOR JESU PRAEDICANDUM SEU EXPOSITIO ORATORIA LITANIARUM SS. CORDIS JESU.
250 _a1a ed.
260 _aBRUGES & PARIS
_bDESCLEE DE BROUWER ET C.
_c1903 [1° Ed.:1903 - Ed.Ling.Originale: 1903]
300 _a512 p. (prefazione: 13)
500 _aCULTO DEL SACRO CUORE. PARERI DEI PADRI DELLA CHIESA. SINOSSI STORICA. OGGETTO. MOTIVO FONDAMENTO FINE PARTICOLARITA' ECCELLENZA GIOIA DEL CULTO. GRAZIE PER I DEVOTI. ISTITUZIONI INTITOLATE AL SACRO CUORE. TEMPIO DI DIO. TABERNACOLO. CASA DI DIO. PORTA DE
501 _aSocietà San Paolo EM - Piazza San Paolo, 14 - 12051 ALBA (CN) (non commercial uses only) ® Copyright 2017
520 _aCULTO DEL SACRO CUORE. PARERI DEI PADRI DELLA CHIESA. SINOSSI STORICA. OGGETTO. MOTIVO FONDAMENTO FINE PARTICOLARITA' ECCELLENZA GIOIA DEL CULTO. GRAZIE PER I DEVOTI. ISTITUZIONI INTITOLATE AL SACRO CUORE. TEMPIO DI DIO. TABERNACOLO. CASA DI DIO. PORTA DE
650 _aVITA E MISTERO DI CRISTO
942 _cBK
957 _71
999 _a7810
_bSI
_g Copie: 1
_c266016
_d266016